000 01334nam a2200301Ia 4500
005 20220317001236.0
008 160825s1996 ck a g 000 0 spa
082 0 4 _aR 708.074
_bB15p
110 2 _aBiblioteca Luis Ángel Arango (Bogotá)
_968072
245 1 0 _aPor mi raza hablará el espíritu
_bintercambio artístico México Colombia, abril -junio 1996
_cBanco de la República? [y otros tres]
250 _a1a. edición
300 _a64 páginas
_bilustraciones
_c28 cm
500 _aExposición realizada en la Biblioteca Luis Ángel Arango, Abril-Junio 1996
610 2 _aMuseo Universitario del Chopo (México)
_vExposiciones
_vCatálogos
_968068
610 2 _aBanco de la república (Bogotá)
_vExposiciones
_vCatálogos
_968073
650 1 4 _2LEMB
_aArtistas mexicanos
_vExposiciones
_vCatálogos
650 1 4 _2LEMB
_aArtistas colombianos
_vExposiciones
_vCatálogos
650 1 4 _2LEMB
_aArtistas latinoamericanos
_vExposiciones
_vCatálogos
700 1 _aGarza, Rosalba
_968075
700 1 _aPorraz Fraser, Paloma.
_968076
700 1 _aCieza de León, Pedro de
_d1518-1560.
_968077
942 _2ddc
_cREF
264 _aBogotá
_bBanco de la República
_c1996
336 _atexto
_btxt
_2rdacontent
337 _asin mediación
_bn
_2rdamedia
338 _avolumen
_bnc
_2rdacarrier
040 _aCO-BoRNBP
_bspa
_erda
_cCO-BoRNBP
999 _c6356
_d6356